Pon en marcha tu cerebro: descubre las claves para comprender y agilizar tu mente (Registro nro. 10436)
[ vista simple ]
| 000 -CABECERA | |
|---|---|
| campo de control de longitud fija | 01526nam a22004697a 4500 |
| 005 - FECHA Y HORA DE ACTUALIZACIÓN | |
| campo de control | 20180312110728.0 |
| 008 - LONGITUD FIJA | |
| campo de control de longitud fija | 180312b xxu||||| |||| 00| 0 spa d |
| 020 ## - INTERNATIONAL STANDARD BOOK NUMBER | |
| Número Internacional Estándar del Libro | 9788449332692 |
| 041 ## - IDIOMA | |
| Código de idioma del texto/pista de sonido o título separado | |
| 082 ## - CLASIFICACIÓN DECIMAL DEWEY | |
| Número de clasificación | 153.43 N322p |
| 100 ## - AUTOR PERSONAL | |
| Nombre de persona | Navarro, Ángels |
| 245 ## - TÍTULO PROPIAMENTE DICHO | |
| Título | Pon en marcha tu cerebro: descubre las claves para comprender y agilizar tu mente |
| 260 ## - PIE DE IMPRENTA | |
| Lugar de publicación, distribución, etc. | España |
| 260 ## - PIE DE IMPRENTA | |
| Nombre del editor, distribuidor, etc. | Paidós |
| 260 ## - PIE DE IMPRENTA | |
| Fecha de publicación, distribución, etc. | 2016 |
| 300 ## - DESCRIPCIÓN FÍSICA | |
| Extensión | 240 páginas |
| 505 ## - Nota de Contenido | |
| Nota de contenido | Este libro contiene 177 juegos para mantener activo el cerebro. |
| 650 ## - Materia General | |
| Materia general | RAZONAMIENTO |
| 650 ## - Materia General | |
| Materia general | ENTRENAMIENTO MENTAL |
| 650 ## - Materia General | |
| Materia general | SISTEMA NERVIOSO |
| 650 ## - Materia General | |
| Materia general | EL CEREBRO |
| 650 ## - Materia General | |
| Materia general | ARQUITECTURA CEREBRAL |
| 650 ## - Materia General | |
| Materia general | NEUROCIENCIA |
| 650 ## - Materia General | |
| Materia general | NEUROPLASTICIDAD |
| 650 ## - Materia General | |
| Materia general | NEUROGÉNESIS |
| 650 ## - Materia General | |
| Materia general | PREVENCIÓN DEL DETERIORO CEREBRAL |
| 650 ## - Materia General | |
| Materia general | INTELIGENCIA |
| 650 ## - Materia General | |
| Materia general | COEFICIENTE INTELECTUAL |
| 650 ## - Materia General | |
| Materia general | HABILIDADES CONGNITIVAS |
| 650 ## - Materia General | |
| Materia general | FUNCIONES EJECUTIVAS |
| 650 ## - Materia General | |
| Materia general | RAZONAMIENTO LÓGICO |
| 650 ## - Materia General | |
| Materia general | RAZONAMIENTO ABSTRACTO |
| 650 ## - Materia General | |
| Materia general | CAPACIDAD VISUOPERCEPTIVAS |
| 650 ## - Materia General | |
| Materia general | CAPACIDAD VISUOESPACIALES |
| 650 ## - Materia General | |
| Materia general | RAZONAMIENTO LÓGICO-MATEMÁTICO |
| 650 ## - Materia General | |
| Materia general | EMOCIONES |
| 650 ## - Materia General | |
| Materia general | LA MEMORIA |
| 650 ## - Materia General | |
| Materia general | TIPOS DE MEMORIA |
| 650 ## - Materia General | |
| Materia general | ENVEJECIMIENTO Y MEMORIA |
| 650 ## - Materia General | |
| Materia general | JUEGOS MENTALES |
| 942 ## - Punto de Acceso Adicional Koha | |
| Tipo de ítem Koha | Libro |
| Estado perdido | Estado dañado | No para préstamo | Biblioteca permanente | Biblioteca actual | Signatura completa | Código de barras | Precio efectivo a partir del | Tipo de ítem |
|---|---|---|---|---|---|---|---|---|
| Departamento de Biblioteca y Documentación Alfonso Chase Brenes | Departamento de Biblioteca y Documentación Alfonso Chase Brenes | 153.43 N322p | 22869 | 12/03/2018 | Libro |